00871aam a2200289 450000500170000000800410001702000150005804100080007304100080008108200170008910000410010624501450014726000150029226000100030726000090031730000180032650500670034465000130041165000150042465000150043965000210045465000150047594200120049099900150050295200320051795200320054920240816154053.0150713b2004 CR ||||| |||| 00| 0 spa d a9968927007 aESP aING a597.96 S688s aSolorzano López, Alejandro 928351 aSerpientes de Costa Rica: distribución, taxonomía e historia natural = Snakes of Costa Rica: distribution, taxonomy and natural history  aCosta Rica bINBio c2004 a791 páginas aIncluye ilustraciones a blanco y negro y fotografías a color aREPTILES aSERPIENTES aCOSTA RICA aHISTORIA NATURAL aBIOLOGÍA cBK2ddc c1684d1684 o597.96 S688sp10893xTUyBK o597.96 S688sp11875xTUyBK